[Event "Quebec op"]
[Site "Montreal"]
[Date "1989.07.25"]
[Round "4"]
[White "Mercille, Pierre"]
[Black "Bray, Ronald"]
[Result "0-1"]
[WhiteElo "1918"]
[BlackElo "1988"]
[PlyCount "66"]
[EventDate "1989.07.22"]
[EventType "swiss"]
[EventRounds "8"]
[EventCountry "CAN"]
[SourceTitle "EXT 2022"]
[Source "ChessBase"]
[SourceDate "2021.10.06"]
[SourceVersion "1"]
[SourceVersionDate "2021.10.06"]
[SourceQuality "1"]

1. Nf3 c5 2. b3 d6 3. Bb2 e5 4. e4 g6 5. g3 Bg7 6. Bg2 Ne7 7. Nc3 Nbc6 8. d3 0-0 9. Qd2 Rb8 10. h4 Nd4 11. h5 f5 12. hxg6 hxg6 13. Ng5 f4 14. gxf4 exf4 15. 0-0-0 Nec6 16. Nh3 f3 17. Bf1 Qh4 18. Nd5 Bh6 19. Ne3 g5 20. c3 g4 21. cxd4 cxd4 22. Qc2 Be6 23. Kb1 dxe3 24. fxe3 gxh3 25. d4 Nb4 26. Bxh3 Bxh3 27. Qc4+ d5 28. Qxb4 Bxe3 29. Qd6 Qxe4+ 30. Ka1 Bf4 31. Rdg1+ Bg2 32. Qd7 Rf7 33. Qg4+ Rg7 0-1

[Event "Quebec op"]
[Site "Montreal"]
[Date "1988.07.26"]
[Round "3"]
[White "Mercille, Pierre"]
[Black "Morin, Louis"]
[Result "0-1"]
[WhiteElo "1927"]
[BlackElo "1865"]
[PlyCount "92"]
[EventDate "1988.07.24"]
[EventType "swiss"]
[EventRounds "8"]
[EventCountry "CAN"]
[SourceTitle "EXT 2022"]
[Source "ChessBase"]
[SourceDate "2021.10.06"]
[SourceVersion "1"]
[SourceVersionDate "2021.10.06"]
[SourceQuality "1"]

1. Nf3 Nf6 2. b3 d5 3. Bb2 c5 4. e3 Nc6 5. Bb5 Bg4 6. h3 Bh5 7. g4 Bg6 8. Ne5 Rc8 9. Bxc6+ bxc6 10. d3 Nd7 11. Nxd7 Qxd7 12. f4 f6 13. Nd2 e6 14. Qe2 Bd6 15. Rf1 e5 16. fxe5 fxe5 17. e4 Qe7 18. 0-0-0 Kd7 19. Nf3 c4 20. dxc4 Bxe4 21. Nd2 Bg6 22. cxd5 cxd5 23. Qb5+ Rc6 24. Nc4 dxc4 25. Bxe5 Qg5+ 26. Kb2 Bd3 27. Rf5 c3+ 28. Kb1 Bxb5 29. Rxg5 Re8 30. Rxg7+ Ke6 31. Bd4 Be2 32. Re1 Kd5 33. Bxa7 Bg3 34. Rg5+ Kd6 35. Bb8+ Rxb8 36. Rxe2 Bf4 37. Rf5 Bd2 38. a3 Rxb3+ 39. Ka2 Rb2+ 40. Ka1 Rxc2 41. Rb5 Rc1+ 42. Ka2 Rd1 43. Rb3 Kd5 44. a4 Kc4 45. a5 Ra1+ 46. Kxa1 Kxb3 0-1